Tilastot visalle Suomalaisia televisio-ohjelmia

Klikkaa tästä pelataksesi tätä visaa!

Yleistilastot

  • Tätä visaa on pelattu 380 kertaa
  • Keskiarvotulos 6 / 15

Vastaustilastot

VuosinaOhjelman juontajinaOhjelma% Oikein
1997-2005Marco BjurströmBumtsiBum!
91%
1985-2002Kari SalmelainenNapakymppi
80%
1985-2005Riitta VäisänenKymppitonni
77%
2002-2005Kirsi SaloHeikoin lenkki
74%
1988-2002Pertti "Spede" Pasanen (1988-2001) Seija Hakola (2001-2002)Speden Spelit
64%
2005-2009Lorenz Backman ja Niina Herala (2005-2009) Jaakko Saariluoma (2005-2007) Heikki Paasonen (2007-2009)Huuma
55%
1992-2002Timo Koivusalo ja Joel HallikainenTuttu Juttu Show
45%
1996-1998Taru Valkepää ja Tino SinghPassi ja hammasharja
41%
2006-2013Eppu Salminen (2006-2008, 2010-2013) Aleksi Litovaara (2009) Antero Mertaranta (2012-2013)Ennätystehdas
33%
2001-2002Wallu Valpio, Tuomas Enbuske, Jaana Pelkonen ja Tatu FerchenFar Out
23%
2000-2003Petteri AhomaaGreed
13%
2004Erja HäkkinenMiljonääri-Jussi
8%
2007-2011Mikko Kuustonen (2007-2010) Jussi-Pekka Rantanen (2011)Mansikkapaikka
6%
2001-2002Henkka Hyyppönen (2001) Anu Sinisalo (2002)Mahdoton tehtävä
3%
2000-2002Teemu VirtanenÄlä katso
3%

Tulosjakauma

Persentiili vastausten määrän mukaan

Jokaisen tuloksen saaneiden osuus

Tuloshistoriasi

Et ole pelannut tätä visaa